000 00709nam a2200253 a 4500
999 _c7768
_d7768
001 4734541
003 OSt
005 20190219161007.0
008 840418s1984 ilua 000 0 eng
010 _a 84050712
020 _a0842307338 (pbk.) :
_c$6.95
040 _aDLC
_cDLC
_dDLC
050 0 0 _aBV4400
_b.L45 1984
082 0 0 _a253
_219
_bL528e
100 1 _aLeigh, Ronald W.
245 1 0 _aEffective Christian ministry /
_cRonald W. Leigh.
260 _aWheaton, Ill. :
_bTyndale House,
_cc1984.
300 _a271 p. :
_bill. ;
_c21 cm.
490 0 _aLiving studies
650 0 _aChurch work.
650 0 _aPastoral theology.
906 _a7
_bcbc
_corignew
_d2
_eocip
_f19
_gy-gencatlg
942 _2ddc
_cBK